|
|
|
|
| LEADER |
01677nkm a2200385 a 4500 |
| 001 |
mzk03001079770 |
| 003 |
CZ BrMZK |
| 005 |
20160822162528.0 |
| 007 |
kh bo| |
| 008 |
100312s1895 xr ||| f || h|gerod |
| 040 |
|
|
|a BOA001
|b cze
|
| 072 |
|
7 |
|a 72
|x Architektura
|2 Konspekt
|9 21
|
| 072 |
|
7 |
|a 77
|x Fotografie. Fotografické postupy
|2 Konspekt
|9 21
|
| 080 |
|
|
|a (084.12)
|2 MRF
|
| 080 |
|
|
|a 721:904
|2 MRF
|
| 080 |
|
|
|a (437.322)
|2 MRF
|
| 100 |
1 |
|
|a Pietzner, Carl,
|d 1853-1927
|7 mzk2010579771
|4 aut
|
| 245 |
1 |
0 |
|a Štefánikova třída, bývalý vojenský výstrojní sklad zv. Muntursdepot
|h [grafika].
|n 267. /
|c C. Pietzner, Hofphotograph. Teplitz-Carlsbad-Brünn. Nachdruck verboten. 111
|
| 246 |
3 |
3 |
|a Bruna Antiqua
|h [grafika]
|
| 246 |
3 |
3 |
|a Nová ulice a oděvní skladiště
|h [grafika]
|
| 260 |
|
|
|a [Brünn?] :
|b Carl Pietzner,
|c [1895]
|
| 300 |
|
|
|a 1 list :
|b fotografie ;
|c 103 x 150 mm na listu 115 x 165 mm
|
| 500 |
|
|
|a Pohlednice - fotografie nalepená na kartonu s vydavatelskými údaji
|
| 500 |
|
|
|a Soubor fotografií uložených v albu, tzv. Bruna Antiqua
|
| 501 |
|
|
|a Přívazek 276 k: Bruna Antiqua
|
| 650 |
0 |
7 |
|a historické budovy
|7 ph120726
|2 czenas
|
| 651 |
|
7 |
|a Brno (Česko)
|7 ge134084
|2 czenas
|
| 651 |
|
4 |
|a Štefánikova ulice (Brno, Česko)
|
| 655 |
|
7 |
|a fotografie
|7 fd132277
|2 czenas
|
| 856 |
4 |
1 |
|u http://www.digitalniknihovna.cz/mzk/view/uuid:e956a81d-27ff-4e1e-b9d6-bff18915c443
|y Digitalizovaný dokument (klikněte pro zobrazení)
|
| 910 |
|
|
|a BOA001
|b Skř.1-0179.216,přív.276
|
| 985 |
|
|
|a 1851-1900
|
| 990 |
|
|
|a GP
|
| 991 |
|
|
|k mzk
|
| 994 |
|
|
|a UP
|l MZK03
|b 001077035
|m přívazek 276
|n záznam 1. díla (pro objednání pokračujte kliknutím)
|